Comentarios al Código Procesal penal (Tomo I)/ (Registro nro. 8390)
[ vista simple ]
| 000 -LEADER | |
|---|---|
| fixed length control field | 01310nam a2200217Ia 4500 |
| 005 - FECHA Y HORA DE LA ÚLTIMA TRANSACCIÓN | |
| control field | 20241128192224.0 |
| 008 - FIXED-LENGTH DATA ELEMENTS--GENERAL INFORMATION | |
| fixed length control field | 230621s9999 xx 000 0 und d |
| 020 ## - INTERNATIONAL STANDARD BOOK NUMBER | |
| International Standard Book Number | 99923-842-0-4 |
| 040 ## - CATALOGING SOURCE | |
| Original cataloging agency | UPAN |
| Transcribing agency | Biblioteca San Vicente |
| Description conventions | RCAA2 |
| 041 ## - LANGUAGE CODE | |
| Language code of text/sound track or separate title | spa |
| 082 ## - DEWEY DECIMAL CLASSIFICATION NUMBER | |
| Classification number | 348.023 |
| Item number | P433c |
| año de publicación | 2003 |
| 100 ## - MAIN ENTRY--PERSONAL NAME | |
| Personal name | Pedraz Penalva, Ernesto |
| Relator code | aut. |
| 245 #0 - TITLE STATEMENT | |
| Title | Comentarios al Código Procesal penal (Tomo I)/ |
| Statement of responsibility, etc | Ernesto Pedraz Penalva, Javier Martínez Lázaro |
| 250 ## - EDITION STATEMENT | |
| Edition statement | 1° ed. |
| 260 ## - PUBLICATION, DISTRIBUTION, ETC. (IMPRINT) | |
| Place of publication, distribution, etc | El Salvador: |
| Name of publisher, distributor, etc | CNJ, |
| Date of publication, distribution, etc | 2003 |
| 300 ## - PHYSICAL DESCRIPTION | |
| Extent | 409 p.; |
| Dimensions | 23 cm. |
| 505 ## - FORMATTED CONTENTS NOTE | |
| Formatted contents note | Libro Primero:<br/>Disposiciones generales.<br/>Titulo I.<br/>Capitulo Único.<br/>Titulo II. Acciones.<br/>Capitulo I: Acción penal.<br/>Capitulo II: Acción civil.<br/>Titulo III: Sujetos procesales.<br/>Capitulo I: Tribunales.<br/>Capitulo II: Fiscalía general de la república.<br/>Capitulo III: Imputado.<br/>Capitulo IV: Querellante.<br/>Capitulo V: Defensores.<br/>Capitulo VI: Auxiliares de las partes.<br/>Titulo IV: Actos procesales.<br/>Capitulo I: Disposiciones generales.<br/>Capitulo II: Actas.<br/>Capitulo III: Actos y resoluciones.<br/>Capitulo IV: Comunicación entre autoridades.<br/>Capitulo V: Notificaciones, citaciones y audiencias.<br/>Capitulo VI: Abreviaturas utilizadas. |
| 650 ## - SUBJECT ADDED ENTRY--TOPICAL TERM | |
| Source of heading or term | LEMB |
| General subdivision | Derecho Penal |
| Geographic subdivision | El Salvador |
| 700 ## - ADDED ENTRY--PERSONAL NAME | |
| Personal name | Martínez Lázaro, Javier |
| Relator code | aut. |
| 942 ## - ADDED ENTRY ELEMENTS (KOHA) | |
| Koha item type | Libros |
| Source of classification or shelving scheme | Dewey Decimal Classification |
| Withdrawn status | Lost status | Source of classification or shelving scheme | Damaged status | Not for loan | Collection code | Home library | Current library | Date acquired | Total Checkouts | Full call number | Barcode | Date last seen | Copy number | Price effective from | Koha item type |
|---|---|---|---|---|---|---|---|---|---|---|---|---|---|---|---|
| Dewey Decimal Classification | Colección General | Biblioteca UPAN San Vicente | Biblioteca UPAN San Vicente | 22/06/2023 | 348.023 P433c | 12000936 | 22/06/2023 | 02 | 22/06/2023 | Libros | |||||
| Dewey Decimal Classification | Colección General | Biblioteca UPAN San Vicente | Biblioteca UPAN San Vicente | 06/07/2023 | 348.023 P433c | 12000942 | 06/07/2023 | 01 | 06/07/2023 | Libros | |||||
| Dewey Decimal Classification | Colección General | Biblioteca UPAN San Vicente | Biblioteca UPAN San Vicente | 06/07/2023 | 348.023 P433c | 12000940 | 06/07/2023 | 03 | 06/07/2023 | Libros | |||||
| Dewey Decimal Classification | Colección General | Biblioteca UPAN San Vicente | Biblioteca UPAN San Vicente | 06/07/2023 | 348.023 P433c | 12000938 | 06/07/2023 | 04 | 06/07/2023 | Libros |